Progress in pediatric surgery = Fortschritte der Kinderchirurgie = Acquisitions en chirurgie infantile.

Uloženo v:
Podrobná bibliografie
Médium: Seriál
Jazyk:English
German
French
Vydáno: Munchen : Urban & Schwarzenberg., 1970-.
Témata:
LEADER 01399nas a2200337 a 4500
001 c000185945
003 CARM
005 20050905135524.0
008 770311c19709999gw uu 0 0eng d
019 1 |a 935020  |z 5321838  |z 5149296  |5 LACONCORD2021 
022 0 |a 0079-6654 
035 |a (OCoLC)1775050  |5 LACONCORD2021 
040 |a TU  |b eng  |c TU  |d ABN-SNR 
041 0 |a eng  |a ger  |a fre 
082 0 4 |a 617.98005  |2 21 
245 0 0 |a Progress in pediatric surgery =  |b Fortschritte der Kinderchirurgie = Acquisitions en chirurgie infantile. 
246 3 1 |a Fortschritte der Kinderchirurgie 
246 3 1 |a Acquisitions en chirurgie infantile 
260 |a Munchen :  |b Urban & Schwarzenberg.,  |c 1970-. 
300 |a v. :  |b illus. 
362 0 |a v.1 (1970)- 
500 |a English, with summaries in French and German. 
500 |a Publisher varies. 
650 0 |a Children  |x Surgery  |v Periodicals. 
852 8 |b CARM  |h A2:AL27A0  |i B05589  |p 0258798  |f SE 
852 8 |b CARM  |h A2:AL27A0  |i B05590  |p 0258799  |f SE 
866 0 |a 5(1973)-16(1983) Inc. 
866 0 |a 5(1973)-16(1983) Inc. 
999 f f |i 8734e0fc-44e1-51af-af3c-129171775641  |s 27599bd5-31ff-56d0-a179-508601440ec0 
952 f f |p Can circulate  |a CAVAL  |b CAVAL  |c CAVAL  |d CARM 1 Store  |e B05589  |f A2:AL27A0  |h Other scheme  |i book  |k 5(1973)-8(1975)  |m 0258798 
952 f f |p Can circulate  |a CAVAL  |b CAVAL  |c CAVAL  |d CARM 1 Store  |e B05590  |f A2:AL27A0  |h Other scheme  |i book  |k 10(1977)-13(1979),16(1983)  |m 0258799